20 Famous Bridges - Statistics

General Stats
  • This quiz has been taken 21 times
  • The average score is 4 of 20
Answer Stats
From Bridge To % Correct
Marin County Golden Gate Bridge San Francisco
72%
Civic Center Brooklyn Bridge DUMBO
56%
Southwark London Bridge The City
50%
Copenhagen Øresund Bridge Malmö
50%
Prague Castle Charles Bridge Old Town
33%
Southwark Tower Bridge St. Katharine's Way
22%
Palazzo Pitti Ponte Vecchio Palazzo Girolami
17%
San Polo Rialto Bridge San Marco
17%
Doge's Palace Bridge of Sighs Prigioni Nuove
11%
Causse Rouge Millau Viaduct Causse du Larzac
6%
Tour Philippe-le-Bel Pont Saint-Bénézet Villeneuve-lès-Avignon
6%
Dawes Point Sydney Harbour Bridge Milsons Point
6%
Brooklyn Verrazano-Narrows Bridge Staten Island
6%
Ortaköy Bosphorus Bridge Beylerbeyi
0%
Bahnhofstrasse Chapel Bridge Rosengart Platz
0%
New Brunswick Confederation Bridge Prince Edward Island
0%
Awaji Island Pearl Bridge Kobe
0%
Invalides Pont Alexandre III Champs-Élysées
0%
West Mostar Stari Most East Mostar
0%
Sacavém Vasco da Gama Bridge Montijo
0%
No matching quizzes found
Score Distribution
Percent of People with Each Score
Percentile by Number Answered
Your Score History
You have not taken this quiz